000
00255nam a2200109Ia 4500
008
230907s9999||||xx |||||||||||||| ||und||
082
_a
300.72
_b
CRE
245
0
_a
Research design :
260
_a
SAGE,
_b
New Delhi :
_c
2009
300
_a
260 p.
942
_c
BK
999
_c
601526
_d
601526